000 00628nam a22002057a 4500
999 _c4372
_d4372
003 AR-CdUCM
008 190308b ||||| |||| 00| 0 eng d
020 _a965-90283-2-6
040 _aMUNICIPALIDAD PROVINCIAL DEL CUSCO
_cBIBLIOTECA MUNICIPAL DEL CUSCO
082 _a780.907 /
_bA34
110 _aAlbatross
_913802
245 _aScene From Above :
_bPhotography : Duby Tal /
260 _aChina :
_bAlbatross ,
_c2006.
300 _a21 páginas ;
_c38 cm.
650 _aFotografia General
_913803
650 _aFotografia Asiatica
_913804
650 _aFotografia Paisajistica
_913805
942 _2ddc
_cLIBROS
945 _artm